| 000 | 00600nam a2200193Ia 4500 | ||
|---|---|---|---|
| 005 | 20250326142302.0 | ||
| 008 | 250326s9999 xx 000 0 und d | ||
| 020 | _a0-07-135700-9 | ||
| 037 | _aTextbook | ||
| 040 |
_aFMSL _beng _cFMSL |
||
| 041 |
_aeng _2eng |
||
| 084 |
_aX8(A):8 P1 _qFMSL |
||
| 100 |
_aMorgan P S _9745877 |
||
| 245 | 0 |
_aEnd of change: How your co. can sustain growth and innovation while avoiding change fatigue _cMorgan P S And Others |
|
| 260 |
_aUS _bUS, Tata Mc-Graw Hill _c2001 |
||
| 300 | _axvi,301 | ||
| 942 |
_cTB _hX8(A):8 P1 |
||
| 999 |
_c1294296 _d1294296 |
||